Kaizen for Europe : Customising Japanese strategies for success
Kaizen means continous improvement and it is one of the many strategic Japanese manufacturing and management methods discussed in this book. The strategies are presented and explained in terns of their Japanese implementation, and then it is shown how they can be transferred to the West.
Bewaard in:
| Hoofdauteur: | |
|---|---|
| Formaat: | Boek |
| Taal: | Undetermined |
| Gepubliceerd in: |
Oxxford
Information press
1993
|
| Onderwerpen: | |
| Tags: |
Voeg label toe
Geen labels, Wees de eerste die dit record labelt!
|
| Thư viện lưu trữ: | Trung tâm Học liệu Trường Đại học Cần Thơ |
|---|
| LEADER | 00894nam a2200217Ia 4500 | ||
|---|---|---|---|
| 001 | CTU_228582 | ||
| 008 | 210402s9999 xx 000 0 und d | ||
| 082 | |a 658 | ||
| 082 | |b H243 | ||
| 100 | |a Hannam, R. G. | ||
| 245 | 0 | |a Kaizen for Europe : | |
| 245 | 0 | |b Customising Japanese strategies for success | |
| 245 | 0 | |c R. G. Hannam | |
| 260 | |a Oxxford | ||
| 260 | |b Information press | ||
| 260 | |c 1993 | ||
| 520 | |a Kaizen means continous improvement and it is one of the many strategic Japanese manufacturing and management methods discussed in this book. The strategies are presented and explained in terns of their Japanese implementation, and then it is shown how they can be transferred to the West. | ||
| 650 | |a Quản trị công nghiệp,Industrial management | ||
| 650 | |z Nhật Bản,Japan | ||
| 910 | |b dqhieu | ||
| 980 | |a Trung tâm Học liệu Trường Đại học Cần Thơ | ||